Sinh lý vật nuôi
Nội dung sách trình bày những vấn đề căn bản và cơ chế điều hòa của màng tế bào, hệ thần kinh, hệ cảm giác, sinh lý da và cơ, máu, tuần hoàn, hô hấp, bài tiết, tiêu hóa, điều hòa thân nhiệt, hệ nội tiết, sinh lý, sinh sản, và tiết sữ...
Na minha lista:
| Autor principal: | |
|---|---|
| Formato: | Livro |
| Idioma: | Undetermined |
| Publicado em: |
Hà Nội
Nông Nghiệp
2018
|
| Assuntos: | |
| Tags: |
Adicionar Tag
Sem tags, seja o primeiro a adicionar uma tag!
|
| Thư viện lưu trữ: | Trung tâm Học liệu Trường Đại học Cần Thơ |
|---|
| LEADER | 00948nam a2200205Ia 4500 | ||
|---|---|---|---|
| 001 | CTU_230737 | ||
| 008 | 210402s9999 xx 000 0 und d | ||
| 020 | |c 120000 | ||
| 082 | |a 571.1 | ||
| 082 | |b D121 | ||
| 100 | |a Trần, Thị Dân | ||
| 245 | 0 | |a Sinh lý vật nuôi | |
| 245 | 0 | |c Trần Thị Dân, Dương Nguyên Khang | |
| 260 | |a Hà Nội | ||
| 260 | |b Nông Nghiệp | ||
| 260 | |c 2018 | ||
| 520 | |a Nội dung sách trình bày những vấn đề căn bản và cơ chế điều hòa của màng tế bào, hệ thần kinh, hệ cảm giác, sinh lý da và cơ, máu, tuần hoàn, hô hấp, bài tiết, tiêu hóa, điều hòa thân nhiệt, hệ nội tiết, sinh lý, sinh sản, và tiết sữa. | ||
| 650 | |a Animal physiology,Sinh lý vật nuôi | ||
| 904 | |i Trúc | ||
| 980 | |a Trung tâm Học liệu Trường Đại học Cần Thơ | ||